| 000 | 00359nam a22001337a 4500 | ||
|---|---|---|---|
| 020 | _a9788131732489 | ||
| 040 | _cNUST | ||
| 082 | _a620.3 BHA | ||
| 100 |
_aBhave, Shrikant _968224 |
||
| 245 |
_aMechanical vibrations; _bTheory and Practices |
||
| 260 |
_aNew Delhi: _bDorling Kindersley, _c2010. |
||
| 650 |
_aMechanical vibrations _957592 |
||
| 942 |
_2ddc _cTHE |
||
| 999 |
_c594461 _d594461 |
||